| 000 | 00512nam a22001937a 4500 | ||
|---|---|---|---|
| 003 | OSt | ||
| 005 | 20140310182316.0 | ||
| 008 | 130920t xxu||||| |||| 00| 0 eng d | ||
| 020 | _a0395459931 | ||
| 050 |
_aPZ 7 _b.D1517Te 1989 |
||
| 082 |
_aGS 418.4 _bD13 1989 |
||
| 100 | _aDahlstedt, Marden | ||
| 245 |
_aThe terrible wave _cDahlstedt, Marden |
||
| 260 |
_aBoston : _bHoughton Mifflin Company, _c1989. |
||
| 300 |
_a128 p. : _bill. ; _c28 cm |
||
| 942 |
_2lcc _cBK |
||
| 999 |
_c11749 _d11749 |
||